Statistics for World Cup Top scorers

Click here to take the quiz!

General Stats

  • This quiz has been taken 89 times
  • The average score is 13 of 31

Answer Stats

EditionNational football teamTop Scorer% Correct
2018EnglandHarry Kane
97%
2022FranceKylian Mbappé
93%
2014ColombiaJames Rodríguez
90%
2006GermanyMiroslav Klose
87%
2002BrazilRonaldo
87%
2010SpainDavid Villa
85%
2010UruguayDiego Forlán
72%
1966PortugalEusébio
65%
1994BulgariaHristo Stoičkov
56%
1986EnglandGary Lineker
54%
2010NetherlandsWesley Sneijder
54%
1998CroatiaDavor Šuker
49%
1970West GermanyGerd Müller
49%
1982ItalyPaolo Rossi
45%
1962BrazilGarrincha
44%
2010GermanyThomas Müller
39%
1958FranceJust Fontaine
37%
1978ArgentinaMario Kempes
34%
1990ItalySalvatore Schillaci
23%
1974PolandGrzegorz Lato
21%
1938BrazilLeônidas
20%
1962ChileLeonel Sánchez
15%
1994RussiaOleg Salenko
15%
1954HungarySándor Kocsis
15%
1962BrazilVavà
13%
1950BrazilAdemir
8%
1962HungaryFlórián Albert
8%
1934CzechoslovakiaOldřich Nejedlý
6%
1930UruguayGuillermo Stabile
4%
1962Soviet UnionValentin Koz'mič Ivanov
4%
1962YugoslaviaDražan Jerković
3%

Score Distribution

Percentile by Number Answered

Percent of People with Each Score

Your Score History

You have not taken this quiz